[Event "DVM U10 2023"]
[Site "Magdeburg GER"]
[Date "2023.12.28"]
[Round "4"]
[White "Tadic, Lena"]
[Black "Liu, Eason"]
[Result "0-1"]
[Termination "normal"]
[Board "10.4"]
[WhiteElo "776"]
[BlackElo "952"]
[WhiteClock "00:32:46"]
[BlackClock "00:26:55"]
[WhiteTeam "SK 1926 Ettlingen"]
[BlackTeam "Karlsruher SF 1853"]
[PlyCount "146"]
[WhiteFideId "34687300"]
[BlackFideId "34694250"]
[EventCountry "GER"]
[EventRounds "7"]
[EventType "team-swiss"]
[EventDate "2023.12.27"]

1. e4 {[%clk 00:55:08]} {[%emt 00:00:01]} e5 {[%clk 00:55:06]} {[%emt
00:00:05]} 2. Nf3 {[%clk 00:55:04]} {[%emt 00:00:09]} Nc6 {[%clk 00:55:08]}
{[%emt 00:00:04]} 3. Nc3 {[%clk 00:54:58]} {[%emt 00:00:10]} Nf6 {[%emt
00:00:37]} 4. d4 {[%clk 00:54:33]} Bd6 {[%clk 00:54:12]} {[%emt 00:00:58]} 5.
d5 {[%clk 00:54:08]} {[%emt 00:00:31]} Nb4 {[%clk 00:54:06]} {[%emt 00:00:10]}
6. Bg5 {[%clk 00:53:59]} {[%emt 00:00:15]} Be7 {[%clk 00:53:53]} {[%emt
00:00:17]} 7. Be2 {[%clk 00:53:42]} {[%emt 00:00:23]} d6 {[%clk 00:53:50]}
{[%emt 00:00:08]} 8. O-O {[%clk 00:53:26]} {[%emt 00:00:21]} O-O {[%clk
00:53:54]} {[%emt 00:00:02]} 9. a3 {[%clk 00:53:07]} {[%emt 00:00:24]} Na6
{[%clk 00:53:16]} {[%emt 00:00:42]} 10. Bxa6 {[%clk 00:53:01]} {[%emt
00:00:11]} bxa6 {[%clk 00:53:14]} {[%emt 00:00:07]} 11. b4 {[%clk 00:52:28]}
{[%emt 00:00:38]} Bg4 {[%clk 00:52:49]} {[%emt 00:00:30]} 12. h3 {[%clk
00:52:23]} {[%emt 00:00:11]} h6 {[%clk 00:52:45]} {[%emt 00:00:07]} 13. hxg4
{[%clk 00:52:22]} {[%emt 00:00:06]} hxg5 {[%clk 00:52:40]} {[%emt 00:00:10]}
14. Nxg5 {[%clk 00:52:13]} {[%emt 00:00:14]} Qd7 {[%clk 00:52:28]} {[%emt
00:00:16]} 15. a4 {[%clk 00:50:26]} {[%emt 00:01:54]} Nxg4 {[%clk 00:50:59]}
{[%emt 00:01:34]} 16. Nf3 {[%clk 00:50:05]} {[%emt 00:00:26]} Rab8 {[%clk
00:50:29]} {[%emt 00:00:35]} 17. b5 {[%clk 00:49:34]} {[%emt 00:00:36]} a5
{[%clk 00:50:08]} {[%emt 00:00:25]} 18. Nd2 {[%clk 00:48:05]} {[%emt 00:01:34]}
Rb6 {[%clk 00:49:00]} {[%emt 00:01:14]} 19. f3 {[%clk 00:47:51]} {[%emt
00:00:20]} Ne3 {[%clk 00:48:34]} {[%emt 00:00:30]} 20. Qe2 {[%clk 00:47:25]}
{[%emt 00:00:31]} Nxf1 {[%clk 00:48:01]} {[%emt 00:00:37]} 21. Kxf1 {[%clk
00:47:15]} {[%emt 00:00:15]} Ra8 {[%clk 00:47:20]} {[%emt 00:00:46]} 22. Nc4
{[%clk 00:46:45]} {[%emt 00:00:35]} Rbb8 {[%clk 00:47:02]} {[%emt 00:00:23]}
23. Kf2 {[%clk 00:46:19]} {[%emt 00:00:32]} a6 {[%clk 00:46:47]} {[%emt
00:00:20]} 24. bxa6 {[%clk 00:46:10]} {[%emt 00:00:14]} Rxa6 {[%clk 00:46:49]}
{[%emt 00:00:04]} 25. Nxe5 {[%emt 00:00:33]} Qc8 {[%clk 00:46:01]} {[%emt
00:00:42]} 26. Ng4 {[%clk 00:45:39]} {[%emt 00:00:17]} Bh4+ {[%clk 00:45:51]}
{[%emt 00:00:15]} 27. g3 {[%clk 00:45:30]} {[%emt 00:00:15]} Bg5 {[%clk
00:45:40]} {[%emt 00:00:16]} 28. f4 {[%clk 00:45:21]} {[%emt 00:00:13]} Be7
{[%clk 00:45:32]} {[%emt 00:00:13]} 29. Kf3 {[%clk 00:45:06]} {[%emt 00:00:20]}
c6 {[%clk 00:44:56]} {[%emt 00:00:42]} 30. dxc6 {[%clk 00:44:39]} {[%emt
00:00:33]} Qxc6 {[%clk 00:44:58]} {[%emt 00:00:03]} 31. Nd5 {[%clk 00:44:27]}
{[%emt 00:00:17]} Qd7 {[%clk 00:43:51]} {[%emt 00:01:07]} 32. Qxa6 {[%clk
00:44:24]} {[%emt 00:00:11]} Re8 {[%clk 00:42:53]} {[%emt 00:01:03]} 33. Qb5
{[%clk 00:44:00]} {[%emt 00:00:30]} Qc8 {[%clk 00:42:31]} {[%emt 00:00:27]} 34.
Nxe7+ {[%clk 00:43:44]} {[%emt 00:00:21]} Rxe7 {[%clk 00:42:19]} {[%emt
00:00:17]} 35. Rh1 {[%clk 00:43:17]} {[%emt 00:00:31]} Qc3+ {[%clk 00:40:53]}
{[%emt 00:01:31]} 36. Ne3 {[%clk 00:42:54]} {[%emt 00:00:29]} f6 {[%clk
00:39:36]} {[%emt 00:01:22]} 37. Qd5+ {[%clk 00:42:45]} {[%emt 00:00:14]} Rf7
{[%clk 00:38:56]} {[%emt 00:00:45]} 38. Qxd6 {[%clk 00:42:08]} {[%emt
00:00:42]} g6 {[%clk 00:38:06]} {[%emt 00:00:55]} 39. Qd8+ {[%clk 00:41:26]}
{[%emt 00:00:47]} Rf8 {[%clk 00:37:57]} {[%emt 00:00:14]} 40. Rh8+ {[%clk
00:41:05]} {[%emt 00:00:25]} Kxh8 {[%emt 00:00:15]} 41. Qxf8+ {[%clk 00:41:02]}
{[%emt 00:00:06]} Kh7 {[%clk 00:37:47]} {[%emt 00:00:07]} 42. g4 {[%clk
00:40:21]} {[%emt 00:00:47]} Qe1 {[%clk 00:37:28]} {[%emt 00:00:23]} 43. e5
{[%clk 00:40:08]} {[%emt 00:00:19]} fxe5 {[%clk 00:37:13]} {[%emt 00:00:18]}
44. fxe5 {[%clk 00:40:00]} {[%emt 00:00:15]} Qh1+ {[%clk 00:37:06]} {[%emt
00:00:11]} 45. Kf4 {[%clk 00:39:41]} {[%emt 00:00:24]} Qg1 {[%clk 00:36:58]}
{[%emt 00:00:14]} 46. g5 {[%clk 00:39:29]} {[%emt 00:00:17]} Qf2+ {[%emt
00:00:27]} 47. Ke4 {[%clk 00:38:42]} {[%emt 00:00:31]} Qxf8 {[%clk 00:36:55]}
{[%emt 00:00:06]} 48. Kd5 {[%clk 00:38:38]} {[%emt 00:00:11]} Qb8 {[%clk
00:36:37]} {[%emt 00:00:20]} 49. e6 {[%clk 00:38:29]} {[%emt 00:00:16]} Qd8+
{[%clk 00:36:29]} {[%emt 00:00:12]} 50. Ke5 {[%clk 00:38:13]} {[%emt 00:00:21]}
Qxg5+ {[%clk 00:36:27]} {[%emt 00:00:08]} 51. Kd6 {[%clk 00:38:02]} {[%emt
00:00:17]} Qd8+ {[%clk 00:35:54]} {[%emt 00:00:36]} 52. Ke5 {[%clk 00:37:39]}
{[%emt 00:00:29]} Qe7 {[%clk 00:35:55]} {[%emt 00:00:04]} 53. Nd5 {[%clk
00:37:39]} {[%emt 00:00:05]} Qg5+ {[%clk 00:35:44]} {[%emt 00:00:16]} 54. Kd6
{[%clk 00:37:35]} {[%emt 00:00:08]} Qd8+ {[%clk 00:34:28]} {[%emt 00:01:21]}
55. Ke5 {[%clk 00:37:13]} {[%emt 00:00:27]} g5 {[%clk 00:34:19]} {[%emt
00:00:14]} 56. Ne3 {[%clk 00:37:06]} {[%emt 00:00:13]} Kg6 {[%clk 00:33:54]}
{[%emt 00:00:29]} 57. c4 {[%clk 00:36:50]} {[%emt 00:00:21]} Qf6+ {[%clk
00:33:49]} {[%emt 00:00:10]} 58. Kd6 {[%clk 00:36:48]} {[%emt 00:00:07]} Qd4+
{[%clk 00:33:25]} {[%emt 00:00:29]} 59. Nd5 {[%clk 00:36:36]} {[%emt 00:00:17]}
Kf5 {[%clk 00:32:01]} {[%emt 00:01:30]} 60. e7 {[%clk 00:36:23]} {[%emt
00:00:18]} Qe5+ {[%clk 00:31:07]} {[%emt 00:00:59]} 61. Kd7 {[%clk 00:36:00]}
{[%emt 00:01:37]} Qe6+ {[%clk 00:29:49]} {[%emt 00:00:24]} 62. Kd8 {[%clk
00:35:50]} {[%emt 00:00:15]} Qd6+ {[%clk 00:29:32]} {[%emt 00:00:21]} 63. Ke8
{[%clk 00:35:41]} {[%emt 00:00:15]} g4 {[%clk 00:29:23]} {[%emt 00:00:14]} 64.
Kf8 {[%clk 00:35:30]} {[%emt 00:00:14]} Qh6+ {[%clk 00:28:59]} {[%emt
00:00:30]} 65. Ke8 {[%clk 00:34:21]} {[%emt 00:01:08]} g3 {[%clk 00:29:04]} 66.
Kf7 {[%clk 00:33:54]} {[%emt 00:00:37]} Qh7+ {[%clk 00:28:35]} {[%emt
00:00:35]} 67. Ke8 {[%clk 00:33:44]} {[%emt 00:00:15]} g2 {[%clk 00:28:32]}
{[%emt 00:00:08]} 68. Ne3+ {[%clk 00:33:48]} {[%emt 00:00:02]} Kf6 {[%clk
00:28:11]} {[%emt 00:00:26]} 69. Ng4+ {[%clk 00:33:29]} {[%emt 00:00:23]} Ke6
{[%clk 00:27:56]} {[%emt 00:00:21]} 70. Kd8 {[%clk 00:32:59]} {[%emt 00:00:34]}
Qxe7+ {[%clk 00:27:48]} {[%emt 00:00:12]} 71. Kc8 {[%clk 00:32:53]} {[%emt
00:00:13]} g1=Q {[%emt 00:00:13]} 72. c5 {[%emt 00:00:28]} Qd1 {[%clk
00:26:56]} {[%emt 00:00:11]} 73. c6 {[%clk 00:32:46]} {[%emt 00:00:17]} Qdd8#
{[%clk 00:26:55]} {[%emt 00:00:05]} 0-1

[Event "DVM U10 2023"]
[Site "Magdeburg GER"]
[Date "2023.12.28"]
[Round "4"]
[White "Noll, Raphael"]
[Black "Tischlinger, Lara"]
[Result "0-1"]
[Termination "normal"]
[Board "11.1"]
[WhiteElo "1387"]
[BlackElo "1312"]
[WhiteClock "00:00:42"]
[BlackClock "00:03:57"]
[WhiteTeam "SK Marburg 1931/72"]
[BlackTeam "SK Weisse Dame Hamburg"]
[PlyCount "138"]
[WhiteFideId "34653228"]
[BlackFideId "34663401"]
[EventCountry "GER"]
[EventRounds "7"]
[EventType "team-swiss"]
[EventDate "2023.12.27"]

1. e4 {[%clk 00:55:09]} {[%emt 00:00:01]} c6 {[%clk 00:55:04]} {[%emt
00:00:07]} 2. d4 {[%clk 00:54:12]} {[%emt 00:01:01]} d5 {[%clk 00:55:01]}
{[%emt 00:00:07]} 3. e5 {[%clk 00:53:50]} {[%emt 00:00:27]} c5 {[%clk
00:54:59]} {[%emt 00:00:08]} 4. c4 {[%clk 00:49:44]} {[%emt 00:04:11]} cxd4
{[%clk 00:54:50]} {[%emt 00:00:13]} 5. Qxd4 {[%clk 00:47:08]} {[%emt 00:02:42]}
e6 {[%clk 00:53:57]} {[%emt 00:00:58]} 6. cxd5 {[%clk 00:45:36]} {[%emt
00:01:37]} Qxd5 {[%clk 00:53:48]} {[%emt 00:00:14]} 7. Nf3 {[%clk 00:43:13]}
{[%emt 00:02:29]} Nc6 {[%clk 00:53:15]} {[%emt 00:00:37]} 8. Qxd5 {[%clk
00:42:10]} {[%emt 00:01:07]} exd5 {[%clk 00:53:07]} {[%emt 00:00:13]} 9. Bb5
{[%clk 00:41:40]} {[%emt 00:00:36]} Bd7 {[%clk 00:51:00]} {[%emt 00:02:12]} 10.
Nc3 {[%clk 00:39:44]} {[%emt 00:02:00]} Nge7 {[%clk 00:49:45]} {[%emt
00:01:20]} 11. Bg5 {[%clk 00:37:34]} {[%emt 00:02:16]} Rd8 {[%clk 00:41:49]}
{[%emt 00:08:00]} 12. Rd1 {[%clk 00:27:32]} {[%emt 00:10:07]} Be6 {[%clk
00:40:42]} {[%emt 00:01:13]} 13. Rd2 {[%clk 00:26:01]} {[%emt 00:01:36]} a6
{[%clk 00:39:25]} {[%emt 00:01:21]} 14. Ba4 {[%clk 00:25:36]} {[%emt 00:00:30]}
h6 {[%clk 00:36:30]} {[%emt 00:03:00]} 15. Bxe7 {[%clk 00:23:43]} {[%emt
00:01:59]} Bxe7 {[%clk 00:35:51]} {[%emt 00:00:43]} 16. O-O {[%clk 00:22:38]}
{[%emt 00:01:10]} O-O {[%clk 00:32:03]} {[%emt 00:03:53]} 17. Rfd1 {[%clk
00:22:28]} {[%emt 00:00:16]} Bb4 {[%clk 00:30:35]} {[%emt 00:01:32]} 18. Bb3
{[%clk 00:21:23]} {[%emt 00:01:11]} Ne7 {[%clk 00:29:37]} {[%emt 00:01:03]} 19.
Nd4 {[%clk 00:19:53]} {[%emt 00:01:34]} Bg4 {[%clk 00:27:59]} {[%emt 00:01:43]}
20. f3 {[%clk 00:19:40]} {[%emt 00:00:19]} Be6 {[%clk 00:26:27]} {[%emt
00:01:37]} 21. Nc2 {[%clk 00:19:25]} {[%emt 00:00:19]} Ba5 {[%clk 00:25:11]}
{[%emt 00:01:21]} 22. Kh1 {[%clk 00:18:02]} {[%emt 00:01:29]} Rd7 {[%clk
00:18:19]} {[%emt 00:06:56]} 23. a3 {[%clk 00:16:03]} {[%emt 00:02:04]} Rfd8
{[%clk 00:17:45]} {[%emt 00:00:38]} 24. Ba2 {[%clk 00:15:22]} {[%emt 00:00:48]}
Bxc3 {[%clk 00:16:22]} {[%emt 00:01:27]} 25. bxc3 {[%clk 00:15:17]} {[%emt
00:00:11]} Ng6 {[%clk 00:15:14]} {[%emt 00:01:13]} 26. Nb4 {[%clk 00:13:39]}
{[%emt 00:01:43]} Nxe5 {[%clk 00:14:11]} {[%emt 00:01:07]} 27. Nxd5 {[%clk
00:12:23]} {[%emt 00:01:22]} Kf8 {[%clk 00:12:48]} {[%emt 00:01:27]} 28. Kg1
{[%clk 00:11:29]} {[%emt 00:00:59]} Nc6 {[%clk 00:10:30]} {[%emt 00:02:24]} 29.
Kf2 {[%clk 00:10:47]} {[%emt 00:00:47]} Ne7 {[%clk 00:09:57]} {[%emt 00:00:38]}
30. c4 {[%clk 00:10:07]} {[%emt 00:00:45]} b5 {[%clk 00:09:47]} {[%emt
00:00:14]} 31. Ke2 {[%clk 00:09:46]} {[%emt 00:00:26]} bxc4 {[%clk 00:09:39]}
{[%emt 00:00:13]} 32. Ne3 {[%clk 00:09:11]} {[%emt 00:00:40]} Rxd2+ {[%clk
00:09:21]} {[%emt 00:00:22]} 33. Rxd2 {[%clk 00:08:50]} {[%emt 00:00:27]} Rxd2+
{[%clk 00:09:21]} {[%emt 00:00:05]} 34. Kxd2 {[%clk 00:08:39]} {[%emt
00:00:17]} c3+ {[%clk 00:09:21]} {[%emt 00:00:05]} 35. Kxc3 {[%clk 00:08:39]}
{[%emt 00:00:04]} Bxa2 {[%clk 00:09:19]} {[%emt 00:00:07]} 36. Kb4 {[%clk
00:08:31]} {[%emt 00:00:13]} Nd5+ {[%clk 00:09:11]} {[%emt 00:00:13]} 37. Nxd5
Bxd5 {[%clk 00:08:11]} 38. Kc5 {[%clk 00:08:20]} {[%emt 00:01:08]} Be6 {[%clk
00:08:05]} {[%emt 00:00:11]} 39. Kb6 {[%clk 00:07:52]} {[%emt 00:00:33]} Bc4
{[%clk 00:08:04]} {[%emt 00:00:05]} 40. Kc5 {[%clk 00:07:49]} {[%emt 00:00:09]}
Bf1 {[%clk 00:07:57]} {[%emt 00:00:11]} 41. g3 {[%clk 00:07:46]} {[%emt
00:00:08]} Ke7 {[%clk 00:07:52]} {[%emt 00:00:10]} 42. Kd4 {[%clk 00:07:28]}
{[%emt 00:00:24]} Ke6 {[%clk 00:07:45]} {[%emt 00:00:11]} 43. Ke4 {[%clk
00:07:18]} {[%emt 00:00:14]} Bc4 {[%clk 00:07:22]} {[%emt 00:00:29]} 44. f4
{[%clk 00:06:28]} {[%emt 00:00:55]} Bd5+ {[%clk 00:06:32]} {[%emt 00:00:55]}
45. Kd4 {[%clk 00:06:03]} {[%emt 00:00:31]} Bg2 {[%clk 00:06:20]} {[%emt
00:00:16]} 46. Ke3 {[%clk 00:05:28]} {[%emt 00:00:40]} Kf5 {[%clk 00:06:13]}
{[%emt 00:00:13]} 47. Kf2 {[%clk 00:05:22]} {[%emt 00:00:11]} Bc6 {[%clk
00:06:10]} {[%emt 00:00:07]} 48. h3 {[%clk 00:04:48]} {[%emt 00:00:40]} Ke4
{[%clk 00:05:47]} {[%emt 00:00:28]} 49. Ke2 {[%clk 00:04:25]} {[%emt 00:00:27]}
Kd4 {[%clk 00:05:43]} {[%emt 00:00:09]} 50. Kd2 {[%clk 00:04:22]} {[%emt
00:00:09]} Bb5 {[%clk 00:05:40]} {[%emt 00:00:08]} 51. h4 {[%clk 00:03:41]}
{[%emt 00:00:46]} Ke4 {[%clk 00:05:33]} {[%emt 00:00:11]} 52. Ke1 {[%clk
00:03:01]} {[%emt 00:00:45]} Kf3 {[%clk 00:05:32]} {[%emt 00:00:06]} 53. Kd2
{[%clk 00:02:58]} {[%emt 00:00:09]} Kxg3 {[%clk 00:05:31]} {[%emt 00:00:05]}
54. Ke3 {[%clk 00:02:58]} {[%emt 00:00:06]} Kxh4 {[%clk 00:05:26]} {[%emt
00:00:08]} 55. Kf2 {[%clk 00:02:44]} {[%emt 00:00:20]} Kg4 {[%clk 00:05:25]}
{[%emt 00:00:06]} 56. Kg2 {[%clk 00:02:31]} {[%emt 00:00:18]} Kxf4 {[%clk
00:05:21]} {[%emt 00:00:09]} 57. Kf2 {[%clk 00:02:26]} {[%emt 00:00:10]} g5
{[%clk 00:05:19]} {[%emt 00:00:08]} 58. Kg2 {[%clk 00:02:20]} {[%emt 00:00:10]}
h5 {[%clk 00:05:16]} {[%emt 00:00:08]} 59. Kf2 {[%clk 00:02:14]} {[%emt
00:00:11]} h4 {[%clk 00:05:13]} {[%emt 00:00:08]} 60. Kg2 {[%clk 00:02:06]}
{[%emt 00:00:12]} g4 {[%clk 00:05:13]} {[%emt 00:00:05]} 61. Kf2 {[%clk
00:01:57]} {[%emt 00:00:15]} h3 {[%clk 00:05:06]} {[%emt 00:00:12]} 62. Ke1
{[%clk 00:01:42]} {[%emt 00:00:21]} h2 {[%clk 00:04:56]} {[%emt 00:00:14]} 63.
Kd2 {[%clk 00:01:42]} {[%emt 00:00:05]} h1=Q {[%clk 00:04:50]} {[%emt
00:00:10]} 64. Kc3 {[%clk 00:01:43]} {[%emt 00:00:04]} Qd5 {[%clk 00:04:45]}
{[%emt 00:00:11]} 65. a4 {[%clk 00:01:34]} {[%emt 00:00:13]} Bxa4 {[%clk
00:04:31]} {[%emt 00:00:21]} 66. Kb4 {[%clk 00:01:17]} {[%emt 00:00:22]} Qc6
{[%clk 00:04:17]} {[%emt 00:00:18]} 67. Ka3 {[%clk 00:01:02]} {[%emt 00:00:21]}
Qb5 {[%clk 00:04:07]} {[%emt 00:00:14]} 68. Ka2 {[%clk 00:00:54]} {[%emt
00:00:13]} Bc2 {[%clk 00:04:02]} {[%emt 00:00:10]} 69. Ka1 {[%clk 00:00:42]}
{[%emt 00:00:17]} Qb1# {[%clk 00:03:57]} {[%emt 00:00:05]} 0-1

[Event "DVM U10 2023"]
[Site "Magdeburg GER"]
[Date "2023.12.28"]
[Round "4"]
[White "Horn, Niclas"]
[Black "Goebel, Johannes"]
[Result "1-0"]
[Termination "normal"]
[Board "11.2"]
[WhiteElo "1058"]
[BlackElo "1043"]
[WhiteClock "00:55:05"]
[BlackClock "00:25:22"]
[WhiteTeam "SK Weisse Dame Hamburg"]
[BlackTeam "SK Marburg 1931/72"]
[PlyCount "101"]
[WhiteFideId "34663428"]
[EventCountry "GER"]
[EventRounds "7"]
[EventType "team-swiss"]
[EventDate "2023.12.27"]

1. e4 {[%clk 00:55:09]} e5 {[%clk 00:55:01]} {[%emt 00:00:09]} 2. Nf3 {[%clk
00:55:09]} {[%emt 00:00:06]} Nc6 {[%clk 00:54:51]} {[%emt 00:00:14]} 3. d4
{[%clk 00:55:09]} {[%emt 00:00:06]} exd4 {[%clk 00:54:40]} {[%emt 00:00:17]} 4.
Nxd4 {[%clk 00:55:05]} {[%emt 00:00:08]} Nf6 {[%clk 00:53:54]} {[%emt
00:00:51]} 5. Nc3 {[%clk 00:55:05]} {[%emt 00:00:06]} Bb4 {[%clk 00:53:13]}
{[%emt 00:00:45]} 6. Nxc6 {[%clk 00:55:03]} {[%emt 00:00:07]} bxc6 {[%clk
00:52:58]} {[%emt 00:00:20]} 7. Bd3 {[%clk 00:55:01]} {[%emt 00:00:07]} d5
{[%clk 00:52:32]} {[%emt 00:00:31]} 8. Bd2 {[%clk 00:54:57]} {[%emt 00:00:10]}
Bxc3 {[%clk 00:52:14]} {[%emt 00:00:22]} 9. Bxc3 {[%clk 00:54:15]} {[%emt
00:00:47]} O-O {[%clk 00:52:03]} {[%emt 00:00:15]} 10. O-O {[%clk 00:53:35]}
{[%emt 00:00:45]} Nxe4 {[%clk 00:51:19]} {[%emt 00:00:50]} 11. Bxe4 {[%clk
00:51:06]} {[%emt 00:02:34]} dxe4 {[%clk 00:51:11]} {[%emt 00:00:13]} 12. Qxd8
{[%clk 00:50:39]} {[%emt 00:00:31]} Rxd8 {[%emt 00:00:13]} 13. Rfe1 {[%clk
00:50:21]} {[%emt 00:00:22]} Re8 {[%clk 00:50:45]} {[%emt 00:00:25]} 14. Rad1
{[%clk 00:50:14]} {[%emt 00:00:12]} Bf5 {[%clk 00:49:53]} {[%emt 00:00:57]} 15.
Bd4 {[%clk 00:48:59]} {[%emt 00:01:20]} a6 {[%clk 00:48:07]} {[%emt 00:01:52]}
16. h3 {[%clk 00:48:42]} {[%emt 00:00:21]} Rab8 {[%clk 00:47:14]} {[%emt
00:00:57]} 17. b3 {[%clk 00:48:36]} {[%emt 00:00:11]} Rbd8 {[%clk 00:46:29]}
{[%emt 00:00:51]} 18. g4 {[%clk 00:47:52]} {[%emt 00:00:48]} Bg6 {[%clk
00:46:00]} {[%emt 00:00:34]} 19. h4 {[%clk 00:47:39]} {[%emt 00:00:19]} f6
{[%clk 00:45:19]} {[%emt 00:00:46]} 20. h5 {[%clk 00:46:47]} {[%emt 00:00:57]}
Bf7 {[%clk 00:45:00]} {[%emt 00:00:24]} 21. c4 {[%clk 00:45:55]} {[%emt
00:00:56]} Rd7 {[%clk 00:44:17]} {[%emt 00:00:49]} 22. Bc5 {[%clk 00:45:29]}
{[%emt 00:00:30]} Rxd1 {[%clk 00:43:34]} {[%emt 00:00:48]} 23. Rxd1 {[%clk
00:45:26]} {[%emt 00:00:09]} g6 {[%clk 00:42:14]} {[%emt 00:01:24]} 24. hxg6
{[%clk 00:44:09]} {[%emt 00:01:23]} hxg6 {[%emt 00:00:27]} 25. Kg2 {[%clk
00:43:41]} {[%emt 00:00:31]} f5 {[%clk 00:41:08]} {[%emt 00:00:50]} 26. gxf5
{[%clk 00:43:26]} {[%emt 00:00:20]} gxf5 {[%clk 00:40:54]} {[%emt 00:00:20]}
27. Rh1 {[%clk 00:43:21]} {[%emt 00:00:10]} Kg7 {[%clk 00:39:46]} {[%emt
00:01:13]} 28. Bd4+ {[%clk 00:43:06]} {[%emt 00:00:19]} Kg6 {[%clk 00:39:26]}
{[%emt 00:00:26]} 29. Rh3 {[%clk 00:42:29]} {[%emt 00:00:41]} f4 {[%clk
00:38:01]} {[%emt 00:01:31]} 30. Rh4 {[%clk 00:41:41]} {[%emt 00:00:53]} f3+
{[%clk 00:37:44]} {[%emt 00:00:22]} 31. Kg3 {[%clk 00:41:37]} {[%emt 00:00:09]}
Re6 {[%clk 00:35:19]} {[%emt 00:02:30]} 32. Rg4+ {[%clk 00:41:06]} {[%emt
00:00:36]} Kh7 {[%clk 00:34:59]} {[%emt 00:00:25]} 33. Rg7+ {[%clk 00:40:55]}
{[%emt 00:00:16]} Kh6 {[%clk 00:34:15]} {[%emt 00:00:49]} 34. Rxf7 {[%clk
00:40:52]} {[%emt 00:00:08]} Kh5 {[%clk 00:32:52]} {[%emt 00:01:28]} 35. Rxc7
{[%clk 00:40:01]} {[%emt 00:00:55]} Rg6+ {[%clk 00:32:28]} {[%emt 00:00:29]}
36. Kf4 {[%clk 00:39:53]} {[%emt 00:00:13]} Rg4+ {[%clk 00:32:04]} {[%emt
00:00:30]} 37. Ke3 {[%clk 00:39:45]} {[%emt 00:00:12]} Kh4 {[%clk 00:31:23]}
{[%emt 00:00:46]} 38. Be5 {[%clk 00:39:11]} {[%emt 00:00:39]} Kh3 {[%clk
00:31:03]} {[%emt 00:00:26]} 39. Bg3 {[%clk 00:38:35]} {[%emt 00:00:41]} Kg2
{[%clk 00:30:37]} {[%emt 00:00:31]} 40. Rxc6 {[%clk 00:37:51]} {[%emt
00:00:48]} a5 {[%clk 00:30:05]} {[%emt 00:00:37]} 41. Re6 {[%clk 00:37:33]}
{[%emt 00:00:23]} Rxg3 {[%clk 00:27:14]} {[%emt 00:02:56]} 42. fxg3 {[%clk
00:37:28]} {[%emt 00:00:11]} Kxg3 {[%clk 00:26:48]} {[%emt 00:00:30]} 43. c5
{[%clk 00:37:10]} {[%emt 00:00:24]} Kg2 {[%clk 00:26:20]} {[%emt 00:00:32]} 44.
c6 {[%clk 00:37:03]} {[%emt 00:00:13]} f2 {[%clk 00:26:18]} {[%emt 00:00:07]}
45. Rf6 {[%clk 00:37:03]} {[%emt 00:00:05]} f1=Q {[%clk 00:26:01]} {[%emt
00:00:22]} 46. Rxf1 {[%clk 00:37:01]} {[%emt 00:00:07]} Kxf1 {[%clk 00:26:02]}
{[%emt 00:00:04]} 47. c7 {[%clk 00:36:58]} {[%emt 00:00:08]} a4 {[%clk
00:25:59]} {[%emt 00:00:08]} 48. bxa4 {[%clk 00:36:55]} {[%emt 00:00:08]} Ke1
{[%clk 00:25:51]} {[%emt 00:00:13]} 49. c8=Q {[%emt 00:00:11]} Kf1 {[%clk
00:25:28]} {[%emt 00:00:27]} 50. Qg4 {[%clk 00:36:42]} {[%emt 00:00:12]} Ke1
{[%clk 00:25:22]} {[%emt 00:00:12]} 51. Qd1+ {[%clk 00:55:05]} {[%emt
00:00:08]} 1-0